00681 a2200181 4500999001500000010001400015020002200029035001300051037001500064082001100079100001800090245007200108260007200180270008200252300002500334942003000359952011000389 c5429d5429 aENG-86856 a8179940306c45.00 aEN-70389 bDBAD / PUB14a220.221 aKashyap, R.L.1 aVeda mantras and suktas :cby R.L.Kashyapbwidely used in worship / aBangalorebSri Aurobindo Kapali Sastry Inst. of Vedic Culturec2004 a 63, 13th Main, 4th Block East, JayanagarbBangaloree560 011minfo@vedah.com aix, 149pc22cm (Pbk) adplcEN2ddch220.22mKAS 001040718NFICaDBADbDBADeDBAD/PUBg45.00l0o220.22 KASpEN-70389r2008-09-15 00:00:00t1v45.00yEN